书目信息 |
| 题名: |
迈向卓越
|
|
| 作者: | 曹建辉 , 陆亚芳 主编 | |
| 分册: | ||
| 出版信息: | 上海 上海科学技术文献出版社 2017 |
|
| 页数: | 400页 | |
| 开本: | 24cm | |
| 丛书名: | 音乐教育研究丛书 | |
| 单 册: | ||
| 中图分类: | G633.951.2 | |
| 科图分类: | ||
| 主题词: | 音乐课--教学研究--中小学 | |
| 电子资源: | ||
| ISBN: | 978-7-5439-6772-4 | |
| 000 | 01040oam2 2200277 45 | |
| 001 | 012001003725 | |
| 005 | 20140114101913.0 | |
| 010 | @a978-7-5439-6772-4@dCNY58.00 | |
| 100 | @a20181114d2017 em y0chiy50 ea | |
| 101 | 0 | @achi |
| 102 | @aCN@b310000 | |
| 105 | @aa z 000yy | |
| 106 | @ar | |
| 200 | 1 | @a迈向卓越@Amai xiang zhuo yue@e中小学音乐名师的成长经验与特色@f曹建辉,陆亚芳主编 |
| 210 | @a上海@c上海科学技术文献出版社@d2017 | |
| 215 | @a400页@c照片,图@d24cm | |
| 225 | 1 | @a音乐教育研究丛书 |
| 300 | @a上海市教师专业发展工程领导小组办公室资助 | |
| 330 | @a本书以上海市第三期音乐名师基地全体学员为主体研究对象,共分为16章节,每位学员一个完整章节,每个章节中统一呈现“教师介绍”“成长叙事”“且行且思”“经典课堂”和“学有所悟”5个板块内容。 | |
| 410 | 0 | @12001 @a音乐教育研究丛书 |
| 606 | 0 | @a音乐课@x教学研究@x中小学 |
| 690 | @aG633.951.2@v5 | |
| 701 | 0 | @a曹建辉@Acao jian hui@c(民乐)@4主编 |
| 701 | 0 | @a陆亚芳@Alu ya fang@c(音乐)@4主编 |
| 801 | @b江苏凤凰@c20191020 | |
| 905 | @b1236890-5@dG633.951.2@e178@f6 | |
| 迈向卓越:中小学音乐名师的成长经验与特色/曹建辉,陆亚芳主编.-上海:上海科学技术文献出版社,2017 |
| 400页:照片,图;24cm.-(音乐教育研究丛书) |
| 上海市教师专业发展工程领导小组办公室资助 |
| ISBN 978-7-5439-6772-4:CNY58.00 |
| 本书以上海市第三期音乐名师基地全体学员为主体研究对象,共分为16章节,每位学员一个完整章节,每个章节中统一呈现“教师介绍”“成长叙事”“且行且思”“经典课堂”和“学有所悟”5个板块内容。 |
| ● |
| 相关链接 |
|
|
|
|
正题名:迈向卓越
索取号:G633.951.2/178
 
预约/预借
| 序号 | 登录号 | 条形码 | 馆藏地/架位号 | 状态 | 备注 |
| 1 | 1236890 | 212368908 | 第一样本阅览室/ [索取号:G633.951.2/178] | 在馆 | |
| 2 | 1236891 | 212368917 | 教育系资料室/ [索取号:G633.951.2/178] | 在馆 | |
| 3 | 1236892 | 212368926 | 教育系资料室/ [索取号:G633.951.2/178] | 在馆 | |
| 4 | 1236893 | 212368935 | 第四借阅区/ [索取号:G633.951.2/178] | 在馆 | |
| 5 | 1236894 | 212368944 | 第四借阅区/ [索取号:G633.951.2/178] | 在馆 | |
| 6 | 1236895 | 212368953 | 第四借阅区/ [索取号:G633.951.2/178] | 在馆 |